Elements of business / (Record no. 347752)

000 -LEADER
fixed length control field 00523 a2200157 4500
020 ## - INTERNATIONAL STANDARD BOOK NUMBER
International Standard Book Number 0395251079 (hardcover)
020 ## - INTERNATIONAL STANDARD BOOK NUMBER
International Standard Book Number 9780395251072 (hardcover)
090 ## - LOCALLY ASSIGNED LC-TYPE CALL NUMBER (OCLC); LOCAL CALL NUMBER (RLIN)
-- 5340
-- 5340
100 1# - MAIN ENTRY--PERSONAL NAME
Personal name Lynn, Robert A.
245 10 - TITLE STATEMENT
Title Elements of business /
Statement of responsibility, etc. Robert A. Lynn, James P. O'Grady.
260 ## - PUBLICATION, DISTRIBUTION, ETC.
Place of publication, distribution, etc. [S.l.] :
Name of publisher, distributor, etc. Houghton Mifflin Harcourt (HMH),
Date of publication, distribution, etc. 1978.
300 ## - PHYSICAL DESCRIPTION
Extent 480 p.
700 1# - ADDED ENTRY--PERSONAL NAME
Personal name O'Grady, James P.
856 40 - ELECTRONIC LOCATION AND ACCESS
Materials specified Amazon.com
Uniform Resource Identifier <a href="http://www.amazon.com/exec/obidos/ASIN/0395251079/chopaconline-20">http://www.amazon.com/exec/obidos/ASIN/0395251079/chopaconline-20</a>
942 ## - ADDED ENTRY ELEMENTS (KOHA)
Institution code [OBSOLETE] NBS
Koha item type Book
Call number prefix 658.4 LYN
Holdings
Withdrawn status Lost status Damaged status Not for loan Permanent Location Current Location Date acquired Total Checkouts Full call number Barcode Date last seen Price effective from Koha item type
        Central Library (CL) Central Library (CL) 08/28/2013   658.4 LYN NBS5294 08/28/2013 08/28/2013 Book
© 2023 Central Library, National University of Sciences and Technology. All Rights Reserved.